书目信息 |
| 题名: |
大代数
|
|
| 作者: | 霍尔 , 奈特 著 ;席小云 译 | |
| 分册: | 下 | |
| 出版信息: | 北京 科学普及出版社 1985 |
|
| 页数: | 684页 | |
| 开本: | 19cm | |
| 丛书名: | ||
| 单 册: | ||
| 中图分类: | O122-44 , O12 | |
| 科图分类: | ||
| 主题词: | 代数--解题 , 初等数学 | |
| 电子资源: | ||
| ISBN: | ||
| 000 | 00761nam0 2200289 45 | |
| 001 | 0185010395 | |
| 005 | 20040519160002.8 | |
| 010 | @dCNY3.10 | |
| 091 | @a13051.1374 | |
| 100 | @a19900904d1985 em y0chiy0121 ea | |
| 101 | 1 | @achi@ceng |
| 102 | @aCN@b110000 | |
| 105 | @ay z 000yy | |
| 106 | @ar | |
| 200 | 10 | @a大代数@Ada dai shu@h下@f(英)H.S.霍尔, (英)S.R.奈特著@g席小云译 |
| 210 | @a北京@c科学普及出版社@d1985 | |
| 215 | @a684页@d19cm | |
| 606 | @a代数@x解题 | |
| 606 | 0 | @a初等数学 |
| 690 | @aO122-44@v3 | |
| 690 | @aO12 | |
| 701 | 1 | @a霍尔@Ahuo er@bH.S.@4著 |
| 701 | 1 | @a奈特@Anai te@bS.R.@4著 |
| 702 | 0 | @a席小云@Axi xiao yun@4译 |
| 801 | 0 | @aCN@b深圳图书馆@c20040519 |
| 801 | 2 | @aCN@bNLC@c20040519 |
| 905 | @f1@b151168@dO12@e25:2 | |
| 大代数.下/(英)H.S.霍尔, (英)S.R.奈特著/席小云译.-北京:科学普及出版社,1985 |
| 684页;19cm |
| ISBN :CNY3.10 |
| ● |
| 相关链接 |
|
|
|
|
正题名:大代数
索取号:O12/25:2
 
预约/预借
| 序号 | 登录号 | 条形码 | 馆藏地/架位号 | 状态 | 备注 |
| 1 | 0151167 | 001955762 | 第三借阅区/ [索取号:O12/25:2] | 在馆 | |
| 2 | 0151168 | 001246538 | 密集书库/ [索取号:O12/25:2] | 在馆 | |
| 3 | 0151169 | 202093313 | 第二样本阅览室/ [索取号:O12/25:2] | 在馆 |